Advanced financial management (Record no. 2813)
[ view plain ]
| 000 -LEADER | |
|---|---|
| fixed length control field | 00701nam a2200169 4500 |
| 020 ## - INTERNATIONAL STANDARD BOOK NUMBER | |
| ISBN | 8176113956 |
| 022 ## - INTERNATIONAL STANDARD SERIAL NUMBER | |
| ISSN | 9788176113953 |
| 050 ## - CALL NUMBER | |
| Item number | HG4026 |
| 100 ## - AUTHOR | |
| Personal name | N.P. Agarwal |
| 245 ## - TITLE | |
| Title | Advanced financial management |
| Statement of responsibility, etc | N.P. Agarwal & B.K. Mishra |
| 260 ## - PUBLICATION INFORMATION | |
| Place of publication | India |
| Name of publisher | RBSA Publishers |
| 300 ## - DESCRIPTION | |
| Number of Pages | 298p |
| Other physical details | illus, 23cm |
| 505 ## - FORMATTED CONTENTS NOTE | |
| Table of Content | Introduction 1<br/>Time value of money 23-54<br/>Analysis of leverages 55-786<br/>Cost volume profit analysis 77-170<br/>Working capital management 171-201<br/>Project financing anf financial institutions 218-260<br/>Cost of capital 261-283<br/>Dividend policy 284-298<br/>Mathematical tables i-vii |
| 650 ## - SUBJECTS | |
| Topical Term | Financial management |
| 700 ## - OTHER AUTHORS | |
| Personal name | B.K. Mishra |
| 942 ## - ADDED ENTRY ELEMENTS (KOHA) | |
| Koha item type | Books |
| Withdrawn status | Lost status | Collection code | Home library | Current library | Shelving location | Date acquired | Full call number | Accession Number | Koha item type |
|---|---|---|---|---|---|---|---|---|---|
| Reference | Methodist University Library Main | Methodist University Library Main | General Stacks | 23/01/2009 | HG4026 | 23963 | Books | ||
| Reference | Methodist University Library Main | Methodist University Library Main | General Stacks | 23/01/2009 | HG4026 | 23961 | Books | ||
| Reference | Methodist University Library Tema | Methodist University Library Tema | Reference | 23/01/2009 | HG4026 | 23964 | Books |